Hospodársky obzor

Bibliographic Details
Format: Serial
Language:Slovak
PhysicalDescription:1 zv. cm
Published: Budapešť Budapeštiansky nakladateľský spolok 1914
Subjects:

MARC

LEADER 00000cas a2200000 a 4500
001 vtls008878640
003 SK-MaSNL
005 20260228161414.0
008 061115c19141914hu mr| 0 0slo
040 |a SNK  |b slo  |c SNK  |e AACR2 
041 0 |a slo 
044 |a hu  |c HU 
072 7 |a 334  |x Formy organizácie a spolupráce v ekonomike  |2 konspekt 
080 |a 334.73  |2 2011 
080 |a 050  |2 2011 
080 |a (051)  |2 2011 
245 0 0 |a Hospodársky obzor 
260 |a Budapešť  |b Budapeštiansky nakladateľský spolok  |c 1914 
300 |a 1 zv.  |c cm 
310 |a 1x mesačne 
362 0 |a Roč. 1 (január 1914)-[č.10 (1914)]  |z SKP 
500 |a Jeho predchodcom bol časopis Obzor, pôvodne vydávaný D. Lichardom od r.1863, neskôr M. Hodžom v r.1889-1905. Obzor sa M. Hodža pokúsil obnoviť r.1914 pod názvom: Hospodársky obzor 
650 0 7 |a družstvá  |2 SNKPH  |9 2107 
655 7 |a časopisy  |2 SNKPH  |9 76610 
910 |a snk 
999 |c 5246  |d 7176 
952 |0 0  |1 0  |4 0  |7 0  |8 5  |a SNK  |b SNK  |d 2006-11-15  |i snkF 3556/82  |l 0  |o snkČSB 3163/1/1914  |p 17A0523144  |r 2026-02-21 20:05:02  |t č. 1-10  |w 2026-02-21  |y PREZ